Statistická a operační analýza

Hlavní autor: Kožíšek, Jan, 1941-
Jazyk: Čeština
Vydáno: Praha, 1977
Knihy
Uloženo v:
LEADER 00493nam a22001692a 4500
001 000163609
003 CZ BrMZK
005 19961101143423.0
007 ta
008 950101s1977 xr f cze d
040 |a BOA001  |b cze 
100 1 |a Kožíšek, Jan,  |d 1941-  |7 ntka173042  |4 aut 
245 1 0 |a Statistická a operační analýza 
260 |a Praha,  |c 1977 
910 |a BOA001  |b 4-0783.700 
990 |a BK 
996 7 |b 2619937574  |c 4-0783.700  |l MZK  |r Sklad / do 1 hodiny  |n 8  |w 000163609  |u 000010  |a 1  |e BOA001  |j MZK50  |s A